Washington for children. (Запис № 563493)

МАРК-запис
000 -LEADER
fixed length control field 01210cam a2200289 4500
001 - CONTROL NUMBER
control field washingtonforchi00shaw
003 - CONTROL NUMBER IDENTIFIER
control field CaSfIA
005 - DATE AND TIME OF LATEST TRANSACTION
control field 20210119110613.0
007 - PHYSICAL DESCRIPTION FIXED FIELD--GENERAL INFORMATION
fixed length control field cr||||
008 - FIXED-LENGTH DATA ELEMENTS--GENERAL INFORMATION
fixed length control field 740808s1975 nyua 001 0 eng
010 ## - LIBRARY OF CONGRESS CONTROL NUMBER
LC control number 74016357
040 ## - CATALOGING SOURCE
Original cataloging agency DLC
Transcribing agency DLC
Modifying agency OCL
-- BTCTA
-- CaSfIA
035 ## - SYSTEM CONTROL NUMBER
System control number (OCoLC)1009657
043 ## - GEOGRAPHIC AREA CODE
Geographic area code n-us-dc
050 00 - LIBRARY OF CONGRESS CALL NUMBER
Classification number F192.3
Item number .S45
082 00 - DEWEY DECIMAL CLASSIFICATION NUMBER
Classification number 917.53/04/4
100 1# - MAIN ENTRY--PERSONAL NAME
Personal name Shaw, Ray.
245 10 - TITLE STATEMENT
Title Washington for children.
Medium [electronic resource]
260 ## - PUBLICATION, DISTRIBUTION, ETC. (IMPRINT)
Place of publication, distribution, etc New York,
Name of publisher, distributor, etc Scribner
Date of publication, distribution, etc [1975]
300 ## - PHYSICAL DESCRIPTION
Extent xii, 196 p.
Other physical details illus.
Dimensions 21 cm.
506 ## - RESTRICTIONS ON ACCESS NOTE
Standardized terminology for access restriction Необхідна авторизація на https://archive.org/ (створення облікового запису безкоштовно)
506 ## - RESTRICTIONS ON ACCESS NOTE
Standardized terminology for access restriction Необхідна авторизація на https://openlibrary.org/ (створення облікового запису безкоштовно)
650 #0 - SUBJECT ADDED ENTRY--TOPICAL TERM
Topical term or geographic name as entry element Children
General subdivision Travel
Geographic subdivision Washington (D.C.)
Form subdivision Guidebooks.
856 41 - ELECTRONIC LOCATION AND ACCESS
Uniform Resource Identifier <a href="http://www.archive.org/details/washingtonforchi00shaw">http://www.archive.org/details/washingtonforchi00shaw</a>
Public note Free eBook from the Internet Archive
856 42 - ELECTRONIC LOCATION AND ACCESS
Uniform Resource Identifier <a href="http://www.openlibrary.org/books/OL5054202M">http://www.openlibrary.org/books/OL5054202M</a>
Public note Additional information and access via Open Library
942 ## - ADDED ENTRY ELEMENTS (KOHA)
Koha item type ЕКнига

Немає доступних примірників.